Social and cultural anthropology : (Record no. 1678)

MARC details
000 -LEADER
fixed length control field 00651nam a2200205 a 4500
003 - CONTROL NUMBER IDENTIFIER
control field BD-DhJNU
005 - DATE AND TIME OF LATEST TRANSACTION
control field 20250508045645.0
008 - FIXED-LENGTH DATA ELEMENTS--GENERAL INFORMATION
fixed length control field 001102s2000 enk b 001 0 eng d
040 ## - CATALOGING SOURCE
Original cataloging agency BD-DhJNU
Language of cataloging ENG
Transcribing agency BD-DhJNU
Modifying agency BD-DhJNU
020 ## - INTERNATIONAL STANDARD BOOK NUMBER
International Standard Book Number 0415181569 (pbk)
082 00 - DEWEY DECIMAL CLASSIFICATION NUMBER
Classification number 306 RAK
Edition number 23
100 1# - MAIN ENTRY--PERSONAL NAME
Personal name Rapport, Nigel
245 10 - TITLE STATEMENT
Title Social and cultural anthropology :
Remainder of title key concepts in /
Statement of responsibility, etc. Nigel Rapport and Joanna Overing
260 ## - PUBLICATION, DISTRIBUTION, ETC.
Place of publication, distribution, etc. London ;
-- New York :
Name of publisher, distributor, etc. Routledge,
Date of publication, distribution, etc. 2000.
300 ## - PHYSICAL DESCRIPTION
Extent xii, 464 p. ;
Dimensions 23 cm.
504 ## - BIBLIOGRAPHY, ETC. NOTE
Bibliography, etc. note Includes bibliographical references (p. 409-444) and index.
650 #0 - SUBJECT ADDED ENTRY--TOPICAL TERM
Topical term or geographic name entry element Ethnology.
700 1# - ADDED ENTRY--PERSONAL NAME
Personal name Overing, Joanna.
942 ## - ADDED ENTRY ELEMENTS (KOHA)
Koha item type Books
Holdings
Withdrawn status Lost status Source of classification or shelving scheme Damaged status Not for loan Collection Home library Current library Shelving location Date acquired Source of acquisition Total checkouts Full call number Barcode Date last seen Copy number Price effective from Koha item type
    Dewey Decimal Classification     Non-fiction Jagannath University Central Library Jagannath University Central Library General stacks 05/08/2025 Purchased   306 RAK JNUCL18851 05/08/2025 1 05/08/2025 Books